01749cam a22004697a 4500999001900000001000900019003000500028005001700033008004100050010001700091015001500108020002200123020002200145035002300167040003300190042001400223050002200237060001500259060002400274070002400298082001900322100004600341245010900387246002800496260004500524300003500569440004400604500000800648504006600656650003100722650002600753650003300779650004300812650002900855650003100884650006500915650006300980650007001043906004501113942001801158952010301176 c330327d33032711955575NUST20170620133613.0000327s1998 enka 001 0 eng d a 00276763  aGB98-52781 a1853835234 (hbk.) a1853835226 (pbk.) a(OCoLC)ocm39286658 aNLMcNLMdNYPdAGLdUKMdDLC alccopycat00aRA793b.M378 199800a1998 F-26310aWA 30.5bM377h 19980 aQC981.8.C5M37b199800a613.11 MAR2211 aMartens, Willem Jozef Meine,d1968-9296110aHealth and climate change :bmodelling the impacts of global warming and ozone depletion /cPim Martens.14aHealth & climate change aLondon :bEarthscan Publications,c1998. axxiv, 176 p. :bill. ;c24 cm. 0aHealth and the environment series92962 aP.B aIncludes bibliographical references (p. [157]-173) and index. 0aMedical climatology.92963 0aGlobal warming.92964 0aOzone layer depletion.9296512aEnvironmental Illnessxetiology.9296622aGreenhouse Effect.9296722aModels, Theoretical.92968 0aClimatic changesxHealth aspectsvMathematical models.92969 0aGlobal warmingxHealth aspectsvMathematical models.92970 0aOzone layer depletionxHealth aspectsvMathematical models.92971 a7bcbcccopycatd2encipf20gy-gencatlg 2ddccBKkIESE 00102ddc40708NFICaCLbCLcGENd2017-06-20l0o613.11 MARpIESE-37r2022-09-28w2017-06-20yBK